000 02100cam a2200337 i 4500
003 DO-SdBNP
005 20231004140938.0
007 ta
008 751003s2016 sp 000 f spa d
020 _a9788425348839
040 _aDO-SdBNP
_bspa
_cBNPHU
_erda
082 4 _bJ27
_222
100 1 _aJames, E. L.
_d1963-
_qErika Leonard Mitchell,
_984367
240 1 0 _aFifty shades of Grey /
_lEspañol
245 1 0 _aCincuenta sombras de Grey /
_cE. L. James ; traducción Pilar de la Peña Minguell, Helena Trías Bello
246 1 _aCincuenta sombras de Grey :
_bdescubre el libro en la que se basa la película /
264 1 _aBarcelona, España :
_bPenguin Random House,
_bGrijalbo,
_c2016.
264 3 _aBarcelona, España :
_bPenguin Random House,
_bGrijalbo,
_c2017.
300 _a540 páginas
_c23 cm.
336 _2rdacontent
_atexto
_btxt
337 _2rdamedia
_asin mediación
_bn
338 _2rdacarrier
_avolumen
_bnc
500 _aIncluye datos biográficos de la autora en la solapa de la portada.
500 _aLa biblioteca posee la Segunda reimpresión de 2017.
520 _aCuando la estudiante de literatura anastasia Steele recibe el encargo de entrevistar al exitoso y joven empresario Christian Grey, queda impresionada al encontrarse ante un hombre atractivo, seductor y también muy intimidante. La inexperta e inocente Ana intenta olvidarle, pero pronto comprende cuánto le desea. Grey está atormentado por sus propios demonios y le consume la necesidad de controlarlo todo, pero a su vez se ve incapaz de resistirse a la serena belleza de Ana, a su inteligencia y a su espíritu independiente. Debe admitir que la desea, pero bajo ciertas condiciones. Cuando la pareja por fin inicia una apasionada relación, las peculiares prácticas eróticas de Grey desconciertan a Ana al tiempo que ella descubre los límites de sus propios y más oscuros deseos...
590 _aInventariado, 2023/ YL
700 1 _aPeña Minguell, Pilar de la
_etraducción
_984381
700 1 _aTrías Bello, Helena
_etraducción
_984382
910 _aYlockward
942 _2ddc
_cLBS1
999 _c55076
_d55076